Quiz Manga Soul Eater #1 - Statistiques

Statistiques générales
  • Ce quiz a été pris 52 fois
  • Le résultat moyen est 7 sur 15
Statistiques - réponses
Questions Réponses % Correct
Quel Toc obsède Death the Kid ? La symétrie
79%
Quelle "maladie" atteint rapidement le professeur Stein ? La Folie
74%
Quel est le nom de la mère de Crona ? Medusa
74%
Complétez la phrase : "Une âme pour demeurer saine, n'a qu'un seul besoin, c'est de vivre dans un ****** sain, lui même reposant dans un ***** sain" esprit corps
66%
Quel est le nom du professeur zombie ? Sid
61%
Comment s'appelle la ville où se déroule le manga ? Death City
53%
Quel est le nom du premier Opening de l'anime ? Resonance
53%
Quel est le nom de l'académie où étudient les protagonistes ? Shibusen
53%
Comment s'appelle de père de Maka ? Spirit Albarn
50%
Quel est le nom de la petite sorcière que protège Mifune ? Angela
39%
Quel lien y a t-il entre le Grand Dévoreur et Death the Kid ? Frères
37%
Quels sont les vrais prénoms de Liz et Patty ? Elizabeth et Patricia
34%
Comment s'appelle le frère de Tsubaki ? Masamune
16%
Quel type d'arme est Justin Law ? Une Guillotine
8%
Quel Type d'arme est Giriko ? Une Tronçonneuse
5%
Aucun quiz correspondant
Distribution des résultats
% des personnes avec chaque résultat
Percentile par nombre de réponses
Votre historique - résultats
Vous n’avez pas pris ce quiz